| 000 | nam a22 a 4500 | ||
|---|---|---|---|
| 999 |
_c60903 _d60903 |
||
| 003 | BLK | ||
| 005 | 20230328124716.0 | ||
| 008 | 180408b bul|||||r ||||||| ||bul|| | ||
| 010 | _aKNG00065091000 | ||
| 040 | _aBLK | ||
| 041 |
_aBUL _cBUL |
||
| 080 |
_aОснови на възпитанието (материални, теоретични, философски и др.). Педагогика _b37.01 _x(075.8) _z37.01(075.8) |
||
| 139 | _aЛекционен курс по теория на възпитанието | ||
| 245 | 1 | 0 |
_aЛекционен курс по теория на възпитанието _bЗа студентите от СУ Св. Кл. Охридски : Ч. 1 - _cред. Руска Ангелова Бабалова; съавт. на том Руска Ангелова Бабалова; съавт. на том Дияна Банчовска. _nЧ. 1 |
| 257 | _aBGR | ||
| 260 |
_aСофия _bУнив. изд. Св. Климент Охридски _c1991 |
||
| 300 | _c21 см | ||
| 380 | _a3 | ||
| 650 | 4 |
_aВъзпитание - теория - учебници за ВУЗ _9249064 |
|
| 653 | _aвъзпитание | ||
| 653 | _aучебници за ВУЗ | ||
| 700 | 1 |
_aБабалова, Руска Ангелова _eред. _935035 |
|
| 700 | 1 |
_aБабалова, Руска Ангелова _eсъавт. на том _935035 |
|
| 700 | 1 |
_aБанчовска, Дияна _eсъавт. на том _936449 |
|
| 760 | 1 |
_d1991 _h140 с., 21 см _tЧ. 1 |
|
| 852 |
_aЦб 171368 _bЦб |
||
| 856 | 4 |
_qpdf _i0.00 _ldisable |
|
| 856 | 4 |
_qpdf _i0.00 _ldisable |
|
| 942 |
_cKNG _n0 _01 _s1 |
||
| 944 |
_aCR _c13.06.2004 _kЧиталня |
||
| 944 |
_aED _c25.08.2015 |
||
| 999 | _d60903 | ||